000 00302nam a22001337a 4500
020 _a8123914296
041 _aENG
100 _aPhirke.P.S
245 _aPostharvest Engineering Of Fruits And Vegetables
260 _aNew Delhi
_bCBS
_c2007
300 _a212
650 _aAPE
856 _uAPE ( 10 )
999 _c1776
_d1776